Catálogo
Digital

Catálogo
Digital

Trabajos en atmósferas explosivas (Record no. 14006)

MARC details
000 -CABECERA
campo de control de longitud fija 01617nam a2200289 4500
003 - IDENTIFICADOR DEL NÚMERO DE CONTROL
campo de control EC-UNACH
005 - FECHA Y HORA DE LA ÚLTIMA TRANSACCIÓN
campo de control 20251015100950.0
006 - CÓDIGOS DE INFORMACIÓN DE LONGITUD FIJA--CARACTERÍSTICAS DEL MATERIAL ADICIONAL
campo de control de longitud fija s||||gr|||| 00| 00
008 - DATOS DE LONGITUD FIJA--INFORMACIÓN GENERAL
campo de control de longitud fija 150116t9999 mx r gr 000 0 spa d
020 ## - NÚMERO INTERNACIONAL ESTÁNDAR DEL LIBRO
Número Internacional Estándar del Libro 978-958-762-176-1
040 ## - FUENTE DE LA CATALOGACIÓN
Centro catalogador/agencia de origen EC-UNACH
Centro/agencia transcriptor EC-UNACH
041 ## - CÓDIGO DE LENGUA
Código de lengua del texto/banda sonora o título independiente spa
082 04 - NÚMERO DE LA CLASIFICACIÓN DECIMAL DEWEY
Número de edición 23
Número de clasificación 613.62
Número de documento/Ítem L011295
110 ## - ENTRADA PRINCIPAL--NOMBRE DE ENTIDAD CORPORATIVA
Nombre de entidad corporativa o nombre de jurisdicción como elemento de entrada FC editorial - Ediciones de la U
245 ## - MENCIÓN DE TÍTULO
Título Trabajos en atmósferas explosivas
250 ## - MENCIÓN DE EDICIÓN
Mención de edición Primera edición
264 ## - Producción, publicación, distribución, fabricación y copyright
Lugar de producción, publicación, distribución, fabricación Madrid - España
Nombre del de productor, editor, distribuidor, fabricante FC editorial - Ediciones de la U
Fecha de de producción, publicación, distribución, fabricación o copyright 2014
300 ## - DESCRIPCIÓN FÍSICA
Extensión 244 páginas
Otras características físicas Tabla. Imágenes
505 ## - NOTA DE CONTENIDO CON FORMATO
Nota de contenido con formato Índice -- <br/>Capítulo 1. Atmósferas explosivas. Introducción --<br/>Capítulo 2. Protección de la salud y la seguridad de los --trabajadores expuestos a los riesgos derivados de atmósferas explosivas en el lugar de trabajo --<br/>Capítulo 3. Atmósferas potencialmente explosivas. Instalaciones eléctricas --<br/>Capítulo 4. Prescripciones particulares para las instalaciones --eléctricas de los locales con riesgo de incendio o explosión --<br/>Capítulo 5. Aparatos y sistemas de protección para uso en atmósferas potencialmente explosivas --<br/>Capítulo 6. Locales con riesgo de explosión --<br/>Capítulo 7. Fuentes de ignición --<br/>Capítulo 8. Inspección mantenimiento y reparación en instalaciones con riesgos derivados de atmósferas explosivas --<br/>Bibliografía.
650 ## - PUNTO DE ACCESO ADICIONAL DE MATERIA--TÉRMINO DE MATERIA
Término de materia o nombre geográfico como elemento inicial PRESENCIA DE GASES
650 ## - PUNTO DE ACCESO ADICIONAL DE MATERIA--TÉRMINO DE MATERIA
Término de materia o nombre geográfico como elemento inicial ÁREAS DE RIESGO
650 ## - PUNTO DE ACCESO ADICIONAL DE MATERIA--TÉRMINO DE MATERIA
Término de materia o nombre geográfico como elemento inicial REPARACIÓN DE INSTALACIONES
942 ## - ELEMENTOS DE PUNTO DE ACCESO ADICIONAL (KOHA)
Tipo de ítem Koha Libros
Fuente del sistema de clasificación o colocación Clasificación Decimal Dewey
999 ## - NÚMEROS DE CONTROL DE SISTEMA (KOHA)
Koha biblionumber 14006
Holdings
Estado de pérdida Fuente del sistema de clasificación o colocación Estado dañado No para préstamo Localización permanente Ubicación/localización actual Ubicación en estantería Fecha de adquisición Fuente de adquisición Número de inventario Total de préstamos Signatura topográfica completa Código de barras Fecha visto por última vez Número de copia Precio válido a partir de Tipo de ítem Koha Centro de costos
  Clasificación Decimal Dewey     Biblioteca Campus Norte Biblioteca Campus Norte Facultad de Ingeniería - Generalidades 08/10/2025 Disposición Transitoria SEGUNDA. Resolución No. 0311-CU-UNACH-SE-ORD-16-09-2024 39933291   613.62 GAR L011295 L011295 08/10/2025 Ej: 01 08/10/2025 Libros  

Powered by Koha